Score 0/22 Timer 04:00
0 Plays Today
Rung # 5-Letter Word % Correct
01●SANTA●
93.1%
07SEATS
89%
17BLAND
88.2%
06MEATS
87.3%
18BRAND
86.4%
08SEAMS
85.3%
12●GREEN●
84.9%
13GREED
84.1%
15BLEED
81.1%
21●GIANT●
79.3%
19GRAND
78.3%
Rung # 5-Letter Word % Correct
20GRANT
78.2%
05MELTS
77.7%
16BLEND
77%
04MALTS
75.1%
03MALTA
73.5%
02MANTA
73.4%
14BREED
73.3%
22HO HO HO!
58.5%
09SLAMS
57.9%
11●CLAUS●
55.4%
10CLAMS
54.6%

Today's Daily Dose

Remove Ads.
Support Sporcle.
Get the best of Sporcle when you Go Orange. This ad-free experience offers more features, more stats, and more fun while also helping to support Sporcle. Thank you for becoming a member.

You're not logged in!

Compare scores with friends on all Sporcle quizzes.
OR
Log In

Show Comments

Extras

Top Quizzes Today


Score Distribution

Your Account Isn't Verified!

In order to create a playlist on Sporcle, you need to verify the email address you used during registration. Go to your Sporcle Settings to finish the process.

Report this User

Report this user for behavior that violates our Community Guidelines.

Details: